[Event "4NCL 3 North pool B"]
[Site "Crewe, ENG ENG"]
[Date "2016.01.16"]
[Round "3.95"]
[White "Valantinas, Rokas"]
[Black "Jaunooby, Ali R"]
[Result "1-0"]
[WhiteElo "2177"]
[BlackElo "2215"]
[PlyCount "81"]
[EventDate "2016.01.16"]
[WhiteTeam "Spirit of Atticus B"]
[BlackTeam "Manchester Manticores 1"]

1. e4 d5 2. exd5 Nf6 3. Nf3 Nxd5 4. d4 g6 5. Be2 Bg7 6. O-O O-O 7. c4 Nb6 8.
Nc3 Nc6 9. Be3 e5 10. d5 Ne7 11. a4 Nf5 12. Bg5 f6 13. Bc1 Qe7 14. a5 Nd7 15.
Re1 Rd8 16. b3 c5 17. dxc6 bxc6 18. Ba3 Qe8 19. Qc2 Nf8 20. Ne4 Ne6 21. c5 Ned4
22. Nxd4 Nxd4 23. Bc4+ Be6 24. Qc3 Rab8 25. Nd6 Qe7 26. Qxd4 exd4 27. Rxe6 Qxe6
28. Bxe6+ Kf8 29. g4 Ke7 30. Re1 d3 31. Bc4+ Kd7 32. Rd1 Kc7 33. Be6 f5 34.
gxf5 Bc3 35. Rxd3 Bxa5 36. f6 Bb4 37. Bxb4 Rxb4 38. f7 Rf8 39. Ne8+ Kb7 40. Rd8
Re4 41. Nd6+ 1-0

[Event "4NCL 3 North pool B"]
[Site "Crewe, ENG ENG"]
[Date "2016.01.16"]
[Round "3.96"]
[White "Lentzos, Ioanis"]
[Black "Ellames, Roy"]
[Result "1-0"]
[WhiteElo "2095"]
[BlackElo "2147"]
[PlyCount "99"]
[EventDate "2016.01.16"]
[WhiteTeam "Manchester Manticores 1"]
[BlackTeam "Spirit of Atticus B"]

1. c4 Nc6 2. Nc3 e5 3. Nf3 f5 4. d4 e4 5. Ng5 Nf6 6. e3 Bb4 7. h4 Bxc3+ 8. bxc3
d6 9. Be2 O-O 10. O-O Ne7 11. Ba3 f4 12. exf4 h6 13. Bc1 hxg5 14. fxg5 Ne8 15.
Qc2 Bf5 16. g4 e3 17. gxf5 Nxf5 18. fxe3 g6 19. e4 Nfg7 20. Rxf8+ Kxf8 21. Bg4
Qe7 22. Be3 Kg8 23. Re1 c6 24. e5 dxe5 25. Qxg6 Rd8 26. dxe5 Nc7 27. e6 Qd6 28.
Bf2 Rf8 29. Qe4 Rf4 30. Qe2 Qe7 31. Bg3 Rf8 32. Qe5 Nce8 33. c5 b6 34. Bf2 Nc7
35. h5 Nf5 36. Bxf5 Qxg5+ 37. Qg3 Rxf5 38. Kh2 Qxg3+ 39. Kxg3 Rxh5 40. cxb6
axb6 41. Bxb6 Ne8 42. a4 Kf8 43. a5 Nd6 44. a6 Nc8 45. Bd4 Ra5 46. Bf6 Ne7 47.
Rh1 Nf5+ 48. Kf4 Ne7 49. Rh8+ Ng8 50. e7+ 1-0

[Event "4NCL 3 North pool B"]
[Site "Crewe, ENG ENG"]
[Date "2016.01.16"]
[Round "3.99"]
[White "Johnson, Michael D"]
[Black "Hamer, Martyn"]
[Result "1/2-1/2"]
[WhiteElo "2036"]
[BlackElo "2072"]
[PlyCount "52"]
[EventDate "2016.01.16"]
[WhiteTeam "Spirit of Atticus B"]
[BlackTeam "Manchester Manticores 1"]

1. Nf3 Nf6 2. g3 g6 3. Bg2 Bg7 4. O-O O-O 5. d4 d6 6. c4 Nc6 7. Nc3 a6 8. b3
Rb8 9. Bg5 h6 10. Bxf6 Bxf6 11. Rc1 Bg4 12. d5 Ne5 13. Nd4 Bc8 14. Qd2 Bg7 15.
f4 c5 16. dxc6 Nxc6 17. Nxc6 bxc6 18. Kh1 c5 19. e4 Bb7 20. h4 h5 21. Kh2 Kh7
22. Rcd1 Qa5 23. Nd5 Qxd2 24. Rxd2 e6 25. Ne3 Bd4 26. Nc2 e5 1/2-1/2

[Event "4NCL 3 North pool B"]
[Site "Crewe, ENG ENG"]
[Date "2016.01.16"]
[Round "3.100"]
[White "Mulleady, Peter J"]
[Black "Bimpson, Tom"]
[Result "1-0"]
[WhiteElo "2065"]
[BlackElo "2048"]
[PlyCount "57"]
[EventDate "2016.01.16"]
[WhiteTeam "Manchester Manticores 1"]
[BlackTeam "Spirit of Atticus B"]

1. g3 d6 2. c4 Nf6 3. Bg2 c6 4. Nc3 e5 5. e4 Be7 6. Nge2 a5 7. d4 Be6 8. b3 Na6
9. O-O Qc8 10. f4 exd4 11. Nxd4 Bd7 12. e5 dxe5 13. fxe5 Ng4 14. Re1 h5 15. h3
Nh6 16. e6 fxe6 17. Qxh5+ Nf7 18. Qg6 e5 19. Rxe5 Kf8 20. Rxe7 Kxe7 21. Bf4 Kf8
22. Rf1 Kg8 23. Ne4 Bxh3 24. Nf6+ Kf8 25. Bd6+ Nxd6 26. Ne8+ Ke7 27. Nxd6 Qg4
28. Rf7+ Kd8 29. Nxb7+ 1-0

[Event "4NCL 3 North pool B"]
[Site "Crewe, ENG ENG"]
[Date "2016.01.16"]
[Round "3.105"]
[White "Berry, Neil"]
[Black "Reed, John"]
[Result "1-0"]
[WhiteElo "2362"]
[BlackElo "1997"]
[PlyCount "55"]
[EventDate "2016.01.16"]
[WhiteTeam "Alba"]
[BlackTeam "Manchester Manticores 2"]

1. d4 d5 2. c4 e6 3. Nf3 c5 4. cxd5 exd5 5. Nc3 Nc6 6. g3 Nf6 7. Bg2 Be7 8. O-O
O-O 9. dxc5 Bxc5 10. a3 Bg4 11. b4 Be7 12. Bb2 a6 13. h3 Be6 14. Nd4 Qd7 15.
Na4 Rad8 16. Nxe6 fxe6 17. Rc1 Bd6 18. Nc5 Qe7 19. Nxa6 Nh5 20. Nc5 Be5 21.
Bxe5 Nxe5 22. e4 Nf6 23. exd5 Nxd5 24. Qe2 b6 25. Qxe5 bxc5 26. Rxc5 Rf5 27.
Qe2 Qf6 28. Re1 1-0

[Event "4NCL 3 North pool B"]
[Site "Crewe, ENG ENG"]
[Date "2016.01.16"]
[Round "3.106"]
[White "Jayawarna, Nugith"]
[Black "Sreeves, Clement"]
[Result "0-1"]
[WhiteElo "1975"]
[BlackElo "2349"]
[PlyCount "102"]
[EventDate "2016.01.16"]
[WhiteTeam "Manchester Manticores 2"]
[BlackTeam "Alba"]

1. c4 Nf6 2. Nc3 g6 3. g3 Bg7 4. Bg2 O-O 5. e4 c5 6. Nge2 Nc6 7. d3 d6 8. O-O
a6 9. h3 Rb8 10. a4 Ne8 11. Be3 Nc7 12. d4 cxd4 13. Nxd4 Ne6 14. Nde2 Bd7 15.
Rb1 Na5 16. b3 b5 17. cxb5 axb5 18. b4 Nc4 19. a5 Nxe3 20. fxe3 Nc7 21. Qd3 Be5
22. Rfc1 e6 23. Nf4 h5 24. Kh1 Qg5 25. Nce2 Rfc8 26. h4 Qe7 27. Nd4 Ne8 28.
Rxc8 Rxc8 29. Nxb5 g5 30. hxg5 Qxg5 31. Nd4 Qxg3 32. Nde2 Qh4+ 33. Kg1 Nf6 34.
b5 Ng4 35. Nh3 Bh2+ 36. Kf1 Qf6+ 37. Ke1 Ne5 38. Qd4 Kh7 39. b6 Rg8 40. b7 Rxg2
41. b8=Q Nf3+ 42. Kf1 Nxd4+ 43. Kxg2 Qf3+ 44. Kxh2 Qxe2+ 45. Kh1 Qxe3 46. Ng1
Qxe4+ 47. Kh2 Qf4+ 48. Kh3 e5+ 49. Kg2 Bc6+ 50. Kh3 Qg4+ 51. Kh2 Qg2# 0-1

[Event "4NCL 3 North pool B"]
[Site "Crewe, ENG ENG"]
[Date "2016.01.16"]
[Round "3.107"]
[White "Findlay David John"]
[Black "Tyton, Adam"]
[Result "1-0"]
[WhiteElo "2185"]
[BlackElo "1922"]
[PlyCount "83"]
[EventDate "2016.01.16"]
[WhiteTeam "Alba"]
[BlackTeam "Manchester Manticores 2"]

1. e4 c6 2. Nc3 d5 3. Nf3 Bg4 4. d4 Nf6 5. e5 Ne4 6. Ne2 h6 7. h3 Bxf3 8. gxf3
Ng5 9. Qd3 Ne6 10. f4 Nc7 11. f5 e6 12. Nf4 Qe7 13. h4 exf5 14. Qxf5 Nd7 15.
Bd2 O-O-O 16. O-O-O g6 17. Qd3 Rg8 18. Bh3 Kb8 19. Rde1 g5 20. Rhg1 Bg7 21. Nh5
Bh8 22. Ng3 Ne6 23. Nf5 Qf8 24. Qb3 c5 25. Nd6 Nb6 26. Bxe6 Rxd6 27. exd6 fxe6
28. dxc5 Nc4 29. Bc3 Qf4+ 30. Kb1 Bxc3 31. Qxc3 Nd2+ 32. Ka1 Ne4 33. Rxe4 dxe4
34. Qg3 Qxg3 35. Rxg3 Kc8 36. b4 Kd7 37. Kb2 Rf8 38. hxg5 hxg5 39. Rxg5 Rxf2
40. Rg7+ Kc8 41. Rc7+ Kb8 42. Re7 1-0

[Event "4NCL 3 North pool B"]
[Site "Crewe, ENG ENG"]
[Date "2016.01.16"]
[Round "3.108"]
[White "Lyth, John D"]
[Black "Edwards, Jonathan"]
[Result "1-0"]
[WhiteElo "1937"]
[BlackElo "2129"]
[PlyCount "55"]
[EventDate "2016.01.16"]
[WhiteTeam "Manchester Manticores 2"]
[BlackTeam "Alba"]

1. d4 d6 2. Nf3 g6 3. g3 Bg7 4. Bg2 Nf6 5. O-O O-O 6. c4 Nbd7 7. Nc3 e5 8. e4
c6 9. h3 Re8 10. Be3 exd4 11. Nxd4 Nc5 12. Qc2 Qe7 13. f3 Nh5 14. Nde2 f5 15.
Rad1 Be6 16. b3 Rad8 17. Kh2 fxe4 18. fxe4 Bc8 19. Qd2 Bf6 20. Nf4 Nxf4 21.
Bxf4 Bxc3 22. Qxc3 Nxe4 23. Bxe4 Qxe4 24. Rde1 Qf5 25. g4 Qd7 26. Bh6 d5 27.
Rxe8+ Rxe8 28. Qf6 1-0

[Event "4NCL 3 North pool B"]
[Site "Crewe, ENG ENG"]
[Date "2016.01.16"]
[Round "3.109"]
[White "Olson, Hamish"]
[Black "Potter, Steven"]
[Result "1/2-1/2"]
[WhiteElo "2067"]
[BlackElo "1907"]
[PlyCount "135"]
[EventDate "2016.01.16"]
[WhiteTeam "Alba"]
[BlackTeam "Manchester Manticores 2"]

1. Nf3 b6 2. b4 e6 3. Bb2 Nf6 4. b5 a6 5. a4 axb5 6. axb5 Rxa1 7. Bxa1 Bb7 8.
e3 g6 9. c4 Bg7 10. d4 Qe7 11. Be2 O-O 12. O-O d6 13. Qa4 Nbd7 14. Qa7 Rb8 15.
Nbd2 Qd8 16. Bc3 Ne4 17. Nxe4 Bxe4 18. Qa1 Ra8 19. Qb2 h6 20. Nd2 Bb7 21. Rc1
e5 22. Bf3 Bxf3 23. Nxf3 e4 24. Nd2 f5 25. Ra1 Nf6 26. Ra6 Rc8 27. d5 Nh5 28.
Bxg7 Nxg7 29. Nb3 Kf7 30. Qa1 Nh5 31. Nd4 Ng7 32. Ra7 Qd7 33. Qa6 Ke8 34. h3 h5
35. h4 Rb8 36. Nc6 Rc8 37. g3 f4 38. exf4 e3 39. Qa1 exf2+ 40. Kxf2 Qh3 41.
Qxg7 Qh2+ 42. Kf1 Qh1+ 43. Ke2 Qg2+ 44. Kd1 Qf1+ 45. Kd2 Qf2+ 46. Kc1 Qe3+ 47.
Kb2 Qd2+ 48. Ka3 Qd3+ 49. Ka4 Qc2+ 50. Kb4 Qb1+ 51. Ka3 Qd3+ 52. Ka2 Qxc4+ 53.
Ka3 Qd3+ 54. Kb4 Qb1+ 55. Kc4 Qf1+ 56. Kb3 Qd1+ 57. Ka2 Qxd5+ 58. Ka3 Qd3+ 59.
Ka4 Qc2+ 60. Kb4 Qc5+ 61. Kb3 Qd5+ 62. Kc3 Qc5+ 63. Kb3 Qd5+ 64. Ka3 Qd3+ 65.
Kb4 Qb1+ 66. Kc4 Qf1+ 67. Kd4 Qd1+ 68. Kc4 1/2-1/2

[Event "4NCL 3 North pool B"]
[Site "Crewe, ENG ENG"]
[Date "2016.01.16"]
[Round "3.110"]
[White "Coward, Neil"]
[Black "Ridge, Michael"]
[Result "0-1"]
[WhiteElo "1952"]
[BlackElo "1921"]
[PlyCount "72"]
[EventDate "2016.01.16"]
[WhiteTeam "Manchester Manticores 2"]
[BlackTeam "Alba"]

1. e4 c5 2. d4 cxd4 3. c3 Nf6 4. e5 Nd5 5. cxd4 d6 6. f4 dxe5 7. fxe5 e6 8. Nf3
Bb4+ 9. Bd2 Nc6 10. Nc3 Nxd4 11. Nxd5 Nxf3+ 12. gxf3 Bxd2+ 13. Qxd2 Qxd5 14.
Qxd5 exd5 15. Rd1 Be6 16. Bb5+ Ke7 17. O-O Rac8 18. Rc1 g5 19. Kf2 Rxc1 20.
Rxc1 Rc8 21. Rxc8 Bxc8 22. Ke3 Bd7 23. Bd3 h6 24. Kd4 Bc6 25. Bf5 f6 26. exf6+
Kxf6 27. Bd3 h5 28. b4 a6 29. a3 g4 30. fxg4 hxg4 31. Ke3 Ke5 32. Be2 d4+ 33.
Kf2 Kf4 34. Bd1 b5 35. Bb3 d3 36. Be6 Bf3 0-1

[Event "4NCL 3 North pool B"]
[Site "Crewe, ENG ENG"]
[Date "2016.01.16"]
[Round "3.115"]
[White "Bak, Andrew"]
[Black "Boswell, Jacob Connor"]
[Result "0-1"]
[WhiteElo "2040"]
[BlackElo "1787"]
[PlyCount "56"]
[EventDate "2016.01.16"]
[WhiteTeam "Bradford DCA Knights B"]
[BlackTeam "Cheddleton 3"]

1. e4 e5 2. Nf3 Nc6 3. Bc4 Bc5 4. c3 Nf6 5. d3 d6 6. O-O O-O 7. b4 Bb6 8. h3
Be6 9. Nbd2 a5 10. b5 Ne7 11. Bxe6 fxe6 12. Qb3 Qd7 13. Nc4 a4 14. Nxb6 axb3
15. Nxd7 Nxd7 16. Bg5 Ng6 17. axb3 Nc5 18. b4 Nxd3 19. b6 c6 20. Rxa8 Rxa8 21.
Rd1 Ndf4 22. Rxd6 Ne2+ 23. Kh2 Nxc3 24. Rxe6 Nxe4 25. Be3 Kf7 26. Nd4 exd4 27.
Rxe4 dxe3 28. fxe3 Ra6 0-1

[Event "4NCL 3 North pool B"]
[Site "Crewe, ENG ENG"]
[Date "2016.01.16"]
[Round "3.116"]
[White "Taylor, Robert"]
[Black "Nicholson, Jim W R"]
[Result "1/2-1/2"]
[WhiteElo "1832"]
[BlackElo "2008"]
[PlyCount "87"]
[EventDate "2016.01.16"]
[WhiteTeam "Cheddleton 3"]
[BlackTeam "Bradford DCA Knights B"]

1. c4 e5 2. g3 d6 3. Bg2 f5 4. d3 Nf6 5. Nc3 c6 6. Bg5 Be7 7. Bxf6 Bxf6 8. Nf3
Be6 9. e4 O-O 10. Bh3 Qd7 11. exf5 Bxf5 12. Bg2 Na6 13. Ne4 Bd8 14. O-O Bg4 15.
h3 Bxh3 16. Nfd2 Bb6 17. a3 Nc5 18. Nxc5 Bxc5 19. b4 Bd4 20. Rb1 Rf6 21. Ne4
Rh6 22. Qd2 Rf8 23. Ng5 Bxg2 24. Kxg2 Qf5 25. f3 Rh5 26. f4 Qg4 27. Qd1 Qxd1
28. Rbxd1 Rh6 29. f5 Re8 30. Ne6 Bb6 31. g4 Rf6 32. Rf3 g6 33. Rdf1 h5 34. gxh5
gxf5 35. Rg3+ Kf7 36. Ng5+ Ke7 37. Nh7 Rh6 38. Rg7+ Ke6 39. Rh1 Be3 40. Kf3 Bf4
41. Rhg1 Rh8 42. Ng5+ Bxg5 43. R1xg5 Kf6 44. a4 1/2-1/2

[Event "4NCL 3 North pool B"]
[Site "Crewe, ENG ENG"]
[Date "2016.01.16"]
[Round "3.117"]
[White "Bak, Christopher"]
[Black "Taylor, John Paul"]
[Result "1-0"]
[WhiteElo "1975"]
[BlackElo "1844"]
[PlyCount "77"]
[EventDate "2016.01.16"]
[WhiteTeam "Bradford DCA Knights B"]
[BlackTeam "Cheddleton 3"]

1. c4 Nf6 2. Nc3 b6 3. Nf3 Bb7 4. g3 e6 5. Bg2 Be7 6. O-O O-O 7. d3 c5 8. a3
Nc6 9. Qc2 d6 10. Rb1 Qd7 11. e3 Rfe8 12. b4 cxb4 13. axb4 d5 14. c5 bxc5 15.
bxc5 Reb8 16. Ba3 Ba6 17. Rfd1 Qc7 18. d4 Bc4 19. Nd2 Na5 20. Bb4 Nc6 21. Ba3
Na5 22. e4 Rxb1 23. Ncxb1 Rb8 24. Bc1 Qb7 25. exd5 Bxd5 26. Bxd5 Qxd5 27. Qa4
Nc6 28. Ba3 Nxd4 29. Nc3 Nf3+ 30. Nxf3 Qxf3 31. Qxa7 Ra8 32. Qxe7 Nd5 33. Qb7
Rf8 34. Bb2 h5 35. Rd2 h4 36. Nxd5 Kh8 37. Qb4 exd5 38. Qxh4+ Kg8 39. Qg5 1-0

[Event "4NCL 3 North pool B"]
[Site "Crewe, ENG ENG"]
[Date "2016.01.16"]
[Round "3.118"]
[White "Armstrong, William G"]
[Black "Gardiner, Eric D"]
[Result "0-1"]
[WhiteElo "1817"]
[BlackElo "1942"]
[PlyCount "98"]
[EventDate "2016.01.16"]
[WhiteTeam "Cheddleton 3"]
[BlackTeam "Bradford DCA Knights B"]

1. e4 e6 2. d3 d5 3. Nd2 c5 4. g3 Nc6 5. Bg2 g6 6. Ngf3 Bg7 7. O-O Nge7 8. Re1
b6 9. c3 Bb7 10. Rb1 Qd7 11. exd5 exd5 12. Ng5 O-O 13. f4 d4 14. Bh3 Qc7 15.
Nde4 dxc3 16. bxc3 Nd5 17. Bb2 Rfe8 18. f5 Ne5 19. c4 Nb4 20. fxg6 hxg6 21.
Bxe5 Qxe5 22. Nf3 Qc7 23. a3 Nc6 24. Bg2 Rad8 25. Qb3 Kf8 26. Rbd1 Nd4 27. Nxd4
Bxd4+ 28. Kh1 Qe5 29. Rf1 f5 30. Qc2 Kg7 31. Ng5 Bxg2+ 32. Qxg2 Qe2 33. Nf3
Qxg2+ 34. Kxg2 Re2+ 35. Kh3 Rh8+ 36. Nh4 g5 37. Rxf5 gxh4 38. gxh4 Re3+ 39. Kg4
Rf8 40. Rg5+ Kh7 41. Rh5+ Kg8 42. Rg5+ Bg7 43. h5 Kh7 44. a4 Bh6 45. Rf5 Rg8+
46. Kh4 Re2 47. h3 Bf8 48. Rf7+ Kh8 49. h6 Be7+ 0-1

[Event "4NCL 3 North pool B"]
[Site "Crewe, ENG ENG"]
[Date "2016.01.16"]
[Round "3.119"]
[White "Slinger, Tony J"]
[Black "Emmerton, Stephen J"]
[Result "1/2-1/2"]
[WhiteElo "1915"]
[BlackElo "1690"]
[PlyCount "40"]
[EventDate "2016.01.16"]
[WhiteTeam "Bradford DCA Knights B"]
[BlackTeam "Cheddleton 3"]

1. c4 d6 2. Nc3 Nd7 3. g3 Ngf6 4. Bg2 g6 5. e4 Bg7 6. Nge2 O-O 7. O-O e5 8. d3
c6 9. h3 Ne8 10. Be3 f5 11. exf5 gxf5 12. f4 Ndf6 13. Qd2 Qe7 14. d4 e4 15. d5
c5 16. Rab1 Nh5 17. b4 b6 18. bxc5 dxc5 19. Nb5 Nd6 20. Nxd6 Qxd6 1/2-1/2

[Event "4NCL 3 North pool B"]
[Site "Crewe, ENG ENG"]
[Date "2016.01.16"]
[Round "3.120"]
[White "Blackburn, Sandra G"]
[Black "Johnson, Paul A"]
[Result "0-1"]
[WhiteElo "1547"]
[BlackElo "1872"]
[PlyCount "106"]
[EventDate "2016.01.16"]
[WhiteTeam "Cheddleton 3"]
[BlackTeam "Bradford DCA Knights B"]

1. d4 d5 2. Nf3 Nf6 3. Bg5 Nbd7 4. e3 e6 5. Bd3 Be7 6. Nbd2 O-O 7. O-O c5 8. c3
b6 9. Re1 Bb7 10. e4 Nxe4 11. Bxe7 Qxe7 12. Nxe4 dxe4 13. Bxe4 Nf6 14. Bxb7
Qxb7 15. dxc5 bxc5 16. Rb1 Rfd8 17. Qc2 Rd6 18. Rbd1 Rad8 19. Rxd6 Rxd6 20. c4
h6 21. b3 Qd7 22. h3 Qd8 23. Qe2 Rd3 24. Qe5 Qd6 25. Qxd6 Rxd6 26. Kf1 Kf8 27.
Re2 Rd1+ 28. Re1 Rxe1+ 29. Kxe1 Ne4 30. Nd2 Nxd2 31. Kxd2 Ke7 32. Ke3 e5 33.
Ke4 Ke6 34. g4 g6 35. h4 f5+ 36. gxf5+ gxf5+ 37. Ke3 e4 38. Kf4 Kf6 39. a3 a5
40. a4 Ke6 41. h5 Kf6 42. f3 exf3 43. Kxf3 Ke5 44. Ke3 f4+ 45. Kf3 Kf5 46. Kf2
Ke4 47. Ke2 f3+ 48. Kf2 Kf4 49. Kf1 Ke3 50. Ke1 f2+ 51. Kf1 Kf3 52. b4 cxb4 53.
c5 b3 0-1

[Event "4NCL 3 North pool B"]
[Site "Crewe, ENG ENG"]
[Date "2016.01.16"]
[Round "3.125"]
[White "McCarthy, Damian"]
[Black "Allen, Keith"]
[Result "0-1"]
[WhiteElo "1876"]
[BlackElo "2228"]
[PlyCount "138"]
[EventDate "2016.01.16"]
[WhiteTeam "Bradford DCA Knights C"]
[BlackTeam "Manx Ravens"]

1. d4 d5 2. c4 e6 3. Nc3 Nf6 4. cxd5 exd5 5. Bg5 c6 6. e3 Be7 7. Bd3 Nbd7 8.
Nge2 O-O 9. O-O Re8 10. f3 Nf8 11. Qd2 h6 12. Bh4 Be6 13. Bf2 c5 14. dxc5 Bxc5
15. Nb5 N8d7 16. Rac1 a6 17. Nbd4 Qe7 18. Bb1 Rac8 19. Nf4 Ne5 20. b3 Bb4 21.
Qd1 Rxc1 22. Qxc1 Rc8 23. Qb2 Bc3 24. Qe2 Bd7 25. Rd1 g5 26. Nd3 Neg4 27. Nc1
Bxd4 28. exd4 Qxe2 29. Nxe2 Nxf2 30. Kxf2 Ne8 31. Rc1 Bc6 32. Rc3 Nd6 33. g3 a5
34. a4 Kg7 35. Ke3 Kf6 36. Kd2 Ne8 37. Re3 Nc7 38. Nc1 Ne6 39. Ne2 Ke7 40. Bf5
b5 41. Bxe6 fxe6 42. axb5 Bxb5 43. Nc1 Kd6 44. Nd3 Bxd3 45. Rxd3 e5 46. dxe5+
Kxe5 47. Re3+ Kd4 48. Rd3+ Ke5 49. Re3+ Kd6 50. Rd3 Rf8 51. Ke3 Ke5 52. Ke2 d4
53. h3 Rb8 54. Kd1 Rc8 55. Kd2 h5 56. Kd1 h4 57. gxh4 gxh4 58. Kd2 Rg8 59. Ke2
Rg2+ 60. Kf1 Rb2 61. Ke1 Rc2 62. Kf1 Rc3 63. Ke2 Rxd3 64. Kxd3 Kf4 65. Kxd4
Kxf3 66. Kd3 Kg3 67. Ke3 Kxh3 68. Kf3 Kh2 69. Kf2 h3 0-1

[Event "4NCL 3 North pool B"]
[Site "Crewe, ENG ENG"]
[Date "2016.01.16"]
[Round "3.126"]
[White "Ottosen, David"]
[Black "Patrick, David A"]
[Result "1-0"]
[WhiteElo "2104"]
[BlackElo "1861"]
[PlyCount "153"]
[EventDate "2016.01.16"]
[WhiteTeam "Manx Ravens"]
[BlackTeam "Bradford DCA Knights C"]

1. e4 e6 2. d4 d5 3. Nc3 Nf6 4. e5 Nfd7 5. f4 c5 6. Nf3 Nc6 7. Be3 a6 8. Qd2 b5
9. Qf2 Qb6 10. f5 cxd4 11. Nxd4 Nxd4 12. Bxd4 Bc5 13. fxe6 fxe6 14. Bxc5 Qxc5
15. Qg3 Qd4 16. Qxg7 Qxe5+ 17. Qxe5 Nxe5 18. O-O-O O-O 19. Re1 Ng4 20. Be2 Nf6
21. Bf3 Kg7 22. Rhf1 Bd7 23. Re5 Rac8 24. Be2 h6 25. Rf3 b4 26. Rg3+ Kh8 27.
Nd1 Ne4 28. Rh3 Kg7 29. Bxa6 Ra8 30. Bd3 Rxa2 31. Bxe4 Ra1+ 32. Kd2 dxe4 33.
Rg3+ Kh7 34. Rxe4 Rf1 35. Ne3 Rf2+ 36. Kd3 Bb5+ 37. Kd4 Ra5 38. Rxe6 Rf4+ 39.
Re4 Rf7 40. Nd5 Bc6 41. Re5 Ra1 42. Nxb4 Bb7 43. c4 Rf4+ 44. Kc5 Ra5+ 45. Kd6
Rxe5 46. Kxe5 Rxc4 47. Nd3 Rc2 48. b4 Bxg2 49. Nc5 Ba8 50. h3 Rb2 51. Nd7 Re2+
52. Kd6 Rf2 53. b5 h5 54. b6 Kh6 55. Ra3 Bg2 56. Rc3 Rb2 57. Kc7 Bh1 58. Ne5
Ba8 59. Nc6 Kg5 60. Rc4 h4 61. Ra4 Bxc6 62. Kxc6 Rc2+ 63. Kb7 Rc3 64. Rb4 Rxh3
65. Kc6 Rc3+ 66. Kd7 Rd3+ 67. Ke7 Re3+ 68. Kf7 Rd3 69. b7 Rd7+ 70. Ke6 Rxb7 71.
Rxb7 Kg4 72. Ke5 h3 73. Ke4 Kg3 74. Ke3 Kg2 75. Rb2+ Kg1 76. Kf3 Kh1 77. Kg3
1-0

[Event "4NCL 3 North pool B"]
[Site "Crewe, ENG ENG"]
[Date "2016.01.16"]
[Round "3.127"]
[White "Braham, Peter"]
[Black "Fabri, Henrik"]
[Result "0-1"]
[WhiteElo "1847"]
[BlackElo "2003"]
[PlyCount "190"]
[EventDate "2016.01.16"]
[WhiteTeam "Bradford DCA Knights C"]
[BlackTeam "Manx Ravens"]

1. e4 Nf6 2. e5 Nd5 3. c4 Nb6 4. d4 d6 5. exd6 cxd6 6. Nc3 g6 7. Be3 Bg7 8. Rc1
O-O 9. Nf3 Bg4 10. h3 Bxf3 11. Qxf3 Nc6 12. Qd1 e5 13. d5 Nd4 14. Be2 Rc8 15.
b3 Re8 16. O-O Nf5 17. Bd2 Qh4 18. Bg4 Qd8 19. Bxf5 gxf5 20. Qh5 Qf6 21. Bg5
Qg6 22. Qxg6 hxg6 23. Nb5 f4 24. f3 Bf8 25. Bh4 a6 26. Nc3 f5 27. Bg5 Bg7 28.
Rfe1 Kf7 29. Kf1 Rc7 30. Ne2 Rec8 31. Red1 Nd7 32. Ke1 Nc5 33. Kd2 Nd7 34. Rh1
Bf6 35. h4 Rh8 36. g3 fxg3 37. Nxg3 Rhc8 38. Ne2 Nc5 39. Ke3 Nd7 40. Kd2 Nc5
41. Ke3 Rh8 42. Nc3 Bg7 43. Ne2 Rcc8 44. Rcd1 Nd7 45. Nc1 Nf6 46. Nd3 b5 47.
Rc1 bxc4 48. bxc4 Nd7 49. Nb4 Nc5 50. Nc6 Rc7 51. Rb1 Bf6 52. f4 e4 53. Rb6
Bxg5 54. fxg5 Rb7 55. Rhb1 Rxb6 56. Rxb6 Rxh4 57. Nb4 Rh3+ 58. Ke2 a5 59. Na6
Rh2+ 60. Kd1 Nd3 61. Rxd6 Nb2+ 62. Ke1 Nxc4 63. Rf6+ Ke7 64. Re6+ Kd8 65. Nc5
Rxa2 66. d6 Ra1+ 67. Ke2 Ra2+ 68. Ke1 Nxd6 69. Rxd6+ Kc8 70. Rxg6 Kc7 71. Rg7+
Kd6 72. Nb7+ Ke5 73. Re7+ Kf4 74. g6 Rg2 75. g7 a4 76. Nc5 a3 77. Kf1 a2 78.
Nb3 Rg3 79. Ra7 Ke5 80. Kf2 f4 81. Rxa2 Rxg7 82. Ra5+ Kd6 83. Nd4 Rb7 84. Nf5+
Kc6 85. Nd4+ Kd6 86. Nf5+ Ke6 87. Nd4+ Kd6 88. Nf5+ Kd7 89. Ra4 Rb2+ 90. Ke1
Ke6 91. Ne3 Rb1+ 92. Ke2 f3+ 93. Kf2 Ke5 94. Ra5+ Ke6 95. Kg3 Re1 {time} 0-1

[Event "4NCL 3 North pool B"]
[Site "Crewe, ENG ENG"]
[Date "2016.01.16"]
[Round "3.128"]
[White "Ormsby, Alan"]
[Black "Procter, Colin S"]
[Result "1/2-1/2"]
[WhiteElo "1907"]
[BlackElo "1825"]
[PlyCount "69"]
[EventDate "2016.01.16"]
[WhiteTeam "Manx Ravens"]
[BlackTeam "Bradford DCA Knights C"]

1. d4 Nf6 2. Bg5 e6 3. e3 d5 4. Nf3 Be7 5. Bd3 c5 6. c3 Nc6 7. Nbd2 h6 8. Bf4
Nh5 9. Be5 cxd4 10. exd4 Nxe5 11. Nxe5 Nf6 12. O-O O-O 13. a4 Qe8 14. a5 Nd7
15. f4 Nxe5 16. fxe5 f5 17. Kh1 Bd7 18. Qe2 Qg6 19. Rg1 Qg4 20. Qxg4 fxg4 21.
Rgf1 Bg5 22. Nb3 b6 23. Be2 h5 24. g3 Rxf1+ 25. Rxf1 Rf8 26. Rxf8+ Kxf8 27. h3
Ba4 28. Na1 Bd2 29. hxg4 hxg4 30. Bxg4 Ke7 31. Kg2 Bc1 32. b3 Bb2 33. bxa4 Bxa1
34. Kf2 Bxc3 35. Ke3 1/2-1/2

[Event "4NCL 3 North pool B"]
[Site "Crewe, ENG ENG"]
[Date "2016.01.16"]
[Round "3.129"]
[White "Winter, Kevin"]
[Black "Woodard, Brian Robert"]
[Result "1/2-1/2"]
[WhiteElo "1825"]
[BlackElo "1705"]
[PlyCount "39"]
[EventDate "2016.01.16"]
[WhiteTeam "Bradford DCA Knights C"]
[BlackTeam "Manx Ravens"]

1. e4 c6 2. d4 d5 3. e5 Bf5 4. h4 h5 5. Bg5 Qb6 6. Bd3 Bxd3 7. Qxd3 Qxb2 8. e6
fxe6 9. Nf3 Nd7 10. O-O O-O-O 11. Nbd2 Qb5 12. Qe3 Ngf6 13. a4 Qa6 14. Qxe6 c5
15. Qe3 c4 16. Rae1 Re8 17. Ne5 Ng4 18. Qf3 Ndxe5 19. dxe5 e6 20. Bf4 1/2-1/2

[Event "4NCL 3 North pool B"]
[Site "Crewe, ENG ENG"]
[Date "2016.01.16"]
[Round "3.130"]
[White "Miah, Zahed"]
[Black "Dean, Robert A"]
[Result "0-1"]
[WhiteElo "1667"]
[BlackElo "1824"]
[PlyCount "26"]
[EventDate "2016.01.16"]
[WhiteTeam "Manx Ravens"]
[BlackTeam "Bradford DCA Knights C"]

1. Nf3 Nf6 2. d4 d5 3. c4 c6 4. Nc3 e6 5. e3 Nbd7 6. b3 Bb4 7. Bb2 Ne4 8. Qc2
Ndf6 9. Bd3 Qa5 10. Rc1 Qxa2 11. Ra1 Bxc3+ 12. Bxc3 Qxc2 13. Bxc2 Nxc3 0-1